| 000 | 00671nam a2200217Ia 4500 | ||
|---|---|---|---|
| 008 | 160517s9999 xx 000 0 und d | ||
| 050 | _aHD 30.28 | ||
| 050 | _b.Il27 2016 | ||
| 100 | _aIlago, Kent Mozart. | ||
| 245 | 2 | _aA tourism development plan for the manila zoological and botanical garden / | |
| 245 | _cKent Mozart Ilago, Sushila Maxelle Quilat, Mary Rosebelle Reyes, Marvelyn Talamayan. | ||
| 260 | _aLas PiƱas, Philippines : | ||
| 260 | _bSISC, | ||
| 260 | _c2016. | ||
| 300 | _a85 pages : | ||
| 300 | _billustrations ; | ||
| 300 | _c28 cm. | ||
| 500 | _aIncludes bibliographical references and appendices. | ||
| 521 | _aTourism | ||
| 942 | _cTH | ||
| 999 |
_c293908 _d293908 |
||